000 00545nam a22002417a 4500
003 UA-OsUOA
001 22788
007 ta
008 20031225b un ||||| |||| 00| 0 ukr d
090 _a215
_bМ64
942 _cBK
040 _aUA-OsUOA
_brus
_cUA-OsUOA
_dUA-OsUOA
245 _aМироздание и человек
300 _a352 с.
955 _a0
041 _arus
080 _a215
020 _a5-250-01363-5
260 _aМосква
_bПолитиздат
_c1990
044 _aRU
650 7 _2UDC
999 _c309017
_d309017